El problema indoeuropeo

Guardat en:
Dades bibliogràfiques
Autor principal: Bosch Gimpera, Pedro (Autor)
Format: Llibre
Idioma:espanyol
Publicat: Ciudad de México Fondo de Cultura Económica 1989
Edició:2a. ed
Matèries:
Etiquetes: Afegir etiqueta
Sense etiquetes, Sigues el primer a etiquetar aquest registre!

MARC

LEADER 00000nam a2200000 a 4500
001 UCX5997
003 CL-VaPUC
008 930331e19890000MX |||||||||||||||||spa|d
082 0 4 |a 909.04034  |b BOS  |2 21 
100 0 |a Bosch Gimpera, Pedro  |e author  |9 258226 
245 1 3 |a El problema indoeuropeo 
250 |a 2a. ed 
300 |a 376 p 
942 |c BK 
945 |d 19930331 00:00:00 
260 |a Ciudad de México  |b Fondo de Cultura Económica  |c 1989 
650 7 |a INDO-EUROPEOS  |2 CL-VaPUC  |9 322372 
650 0 |a Etnología   |9 258726 
583 |a last modification  |c 19930331 00:00:00  |k Rodrigo Vera 
999 |c 226101  |d 226099 
952 |0 0  |1 0  |4 0  |6 909_040340000000000_BOS_1989  |7 0  |8 A  |9 224214  |a BIBHIS  |b BIBHIS  |d 2019-11-15  |i 2930080  |o 909.04034 BOS 1989  |p 2930080  |r 2025-01-20  |w 2019-11-15  |y BK  |k HIS